Quiz mathématique rapide, juste un petit quiz 13 - Statistiques

Statistiques générales
  • Ce quiz a été pris 109 fois
  • Le résultat moyen est 11 sur 15
Statistiques - réponses
Hint Réponse % Correct
445 + 56 = 501
95%
188 - 99 = 89
95%
144 : 12 = 12
91%
89 x 5 = 445
91%
480 - 139 = 341
87%
500 : 4 = 125
85%
76 + 79 = 155
85%
66 x 6 = 396
80%
13 x 13 = 169
71%
4 x 14 = 56
71%
96 + 79 = 175
70%
276 : 4 = 69
62%
675 - 189 = 486
59%
696 : 4 = 174
56%
765 - 489 = 276
46%
Aucun quiz correspondant
Distribution des résultats
% des personnes avec chaque résultat
Percentile par nombre de réponses
Votre historique - résultats
Vous n’avez pas pris ce quiz